000 00195 a2200097 4500
001 1231
100 _aBaker,H.W.
245 _aTheory of Heat engines
260 _a
_bGreen
_c
090 _c793
_d793
942 _aNUST-CAE
_cM
_c34633
999 _c236304
_d236304